000 00351nam a22001337a 4500
008 250107b |||||||| |||| 00| 0 eng d
020 _a978-93-5269-182-1
050 _aPC3814
_b.C46
100 _aChoudhar Rajni
245 _aIntroduction to Sociolingustic
260 _aNew Delhi [India]
_bRandom Publications
_c2019
300 _a296p
942 _cBK
999 _c1884
_d1884